وہاب اشرفی کی تنقید نگاری / (Record no. 106129)

MARC details
000 -LEADER
fixed length control field 00944nam a22002537a 4500
005 - DATE AND TIME OF LATEST TRANSACTION
control field 20170123162303.0
010 ## - LIBRARY OF CONGRESS CONTROL NUMBER
LC control number B-209242
020 ## - INTERNATIONAL STANDARD BOOK NUMBER
Terms of availability 300.00
International Standard Book Number 8189461230
035 ## - SYSTEM CONTROL NUMBER
System control number B-209242
037 ## - SOURCE OF ACQUISITION
Source of stock number/acquisition Cen Lib/Ret
040 ## - CATALOGING SOURCE
Original cataloging agency DPL
Language of cataloging UR
082 ## - DEWEY DECIMAL CLASSIFICATION NUMBER
Classification number 840.8
Item number و ه ا
100 ## - MAIN ENTRY--PERSONAL NAME
Personal name نسیم احمد راہی
9 (RLIN) 108044
245 ## - TITLE STATEMENT
Title وہاب اشرفی کی تنقید نگاری /
Statement of responsibility, etc نسیم احمد راہی
246 ## - VARYING FORM OF TITLE
Title proper/short title Wahab ashrafi ki tanqueed nigrani /
Remainder of title by Naseem Ahmad Rahi
260 ## - PUBLICATION, DISTRIBUTION, ETC. (IMPRINT)
Place of publication, distribution, etc دہلی
Name of publisher, distributor, etc کتابی دنیا
Date of publication, distribution, etc 2006
270 ## - ADDRESS
Address 1955, گلی نواب مرزا، موہللہ قبرستان وپپ اینگلو عربک اسکول ترکمان گیٹ
City دہلی
Postal code 110006
300 ## - PHYSICAL DESCRIPTION
Extent 323p.
Dimensions 19cm(Hb)
650 ## - SUBJECT ADDED ENTRY--TOPICAL TERM
Topical term or geographic name as entry element اردو ادب
9 (RLIN) 108045
650 ## - SUBJECT ADDED ENTRY--TOPICAL TERM
Topical term or geographic name as entry element اردو مزمووں
9 (RLIN) 108046
650 ## - SUBJECT ADDED ENTRY--TOPICAL TERM
Topical term or geographic name as entry element Urdu litarature
9 (RLIN) 108047
650 ## - SUBJECT ADDED ENTRY--TOPICAL TERM
Topical term or geographic name as entry element Urdu essays
9 (RLIN) 528
942 ## - ADDED ENTRY ELEMENTS (KOHA)
Source of classification or shelving scheme Dewey Decimal Classification
Koha item type Urdu Bks
Classification part 840.8
Call number suffix و ه ا
Holdings
Withdrawn status Lost status Damaged status Not for loan Home library Current library Date acquired Source of acquisition Cost, normal purchase price Total Checkouts Full call number Barcode Date last seen Copy number Cost, replacement price Price effective from Koha item type
        Central Library Central Library 15/12/2015 Cen Lib/Ret 300.00   840.8 و ه ا B-209242 15/12/2015 1 300.00 15/12/2015 Urdu Bks

© Delhi Public Library
Hit Counter
free hit counter